000
00339nam a2200145Ia 4500
008
150201s2005 xx 000 0 und d
082
_a
616.01
_b
T05B
100
_a
BORRIELLO,S PETER
245
_a
TOPLEY&WILSON BACTERIOLOGY
250
_a
10TH
260
_b
HODDER ARNOLD
_c
2005
300
_a
1-
650
_a
MICROBIOLOGY
942
_2
ddc
_c
BK
999
_c
434
_d
434